Taylor Swift - gold rush Lyrics - Statistics

General Stats
  • This quiz has been taken 158 times
    153 since last reset
  • The average score is 290 of 332
Answer Stats
Answer % Correct
a
100%
gold
100%
I
100%
rush
100%
in
99%
you
99%
your
99%
don't
97%
it
97%
like
97%
my
97%
My
97%
that
96%
to
96%
what
96%
What
96%
be
95%
flush
95%
the
95%
beautiful?
94%
falling
94%
hair
94%
into
94%
place
94%
red
92%
With
92%
But
91%
feel
91%
grow
91%
love
91%
on
91%
touch
91%
up
91%
would
91%
Everybody
89%
face
89%
must
89%
wants
89%
So
87%
anyone
85%
Walk
85%
wonders
85%
call
84%
past
84%
quick
84%
shit
84%
almost
82%
anticipatin'
82%
crush
82%
dominoes
82%
folklore
82%
out
82%
parties
82%
as
81%
At
81%
brush
81%
die
81%
feels
81%
never
81%
see
81%
bone
80%
dinner
80%
flying
80%
jump
80%
'til
80%
And
78%
double
78%
from
78%
pure
78%
vision
78%
door
77%
Eyes
77%
inviting
77%
motion
77%
rose
77%
'Cause
76%
fades
76%
life
76%
turns
76%
twinkling
76%
hanging
75%
me
75%
mind
75%
ships
75%
slow
75%
waters
75%
about
72%
dream
72%
sinking
72%
town
72%
will
72%
can't
71%
then
71%
blush
70%
day
70%
contrarian
68%
Eagles
68%
of
68%
T-shirt
68%
anymore
67%
dare
67%
gray
67%
Gleaming
66%
old
66%
seen
66%
could
65%
wooden
65%
floors
63%
tea
63%
we
63%
across
58%
coastal
58%
had
57%
found
49%
padding
47%
'round
47%
wandered
44%
No matching quizzes found
Score Distribution
Percent of People with Each Score
Percentile by Number Answered
Your Score History
You have not taken this quiz since the last reset